00000000nam##2200000za#4500
0019.663022
003CaOODSP
00520210615120843
007ta
008150407|2001||||xxc|||||     f|0| 0 fre|d
020 |a0-662-65942-2
040 |aCaOODSP|bfre
041 |aeng
041 |afre
043 |an-cn---
0861 |aH21-172/2001
1101 |aCanada.|bSanté Canada. |bDirection générale de la politique de la santé et des communications.
24510|aDépenses de santé au Canada selon l'âge et le sexe, 1980-1981 à 2000-2001: rapport
260 |aOttawa - Ontario : |bSanté Canada. |c2001.
300 |a82p. : |bfigures, tableaux ; |c28 cm.
546 |aBilingue
563 |aReliure à spirale
590 |a01-42|b2001-10-19
69107|aCoût|2gcpds
69107|aIndustrie de la santé|2gcpds
7760#|tHealth expenditures in Canada by age and sex, 1980-81 to 2000-01 : |w(CaOODSP)9.675757
791 |tHealth expenditures in Canada by age and sex, 1980-81 to 2000-01: report |eeng|w(CaOODSP)9.663021